Analýza sociálneho kapitálu cudzincov v krajinách Vyšehradskej skupiny

Sociálny kapitál - výklad pojmu podľa rôznych autorov. Typy sociálneho kapitálu v spoločnosti - väzbový, premosťujúci, spájajúci sociálny kapitál. Tri najčastejšie dimenzie, pomocou ktorých je možné merať sociálny kapitál. Porovnanie potenciálu využitia sociálneho kapitálu v krajinách V4 a v rámci k...

Full description

Saved in:
Bibliographic Details
Main Author: Galanská, Nina
Other Authors: Krkošková, Zuzana
Format: Book Chapter
Language:Slovak
Subjects:
Tags: Add Tag
No Tags, Be the first to tag this record!

MARC

LEADER 00000nla a2200000 4500
001 0223040
005 20240502073641.2
041 0 |a slo 
044 |a SK 
245 1 0 |a Analýza sociálneho kapitálu cudzincov v krajinách Vyšehradskej skupiny  |c Nina Galanská, Zuzana Krkošková 
520 |a Sociálny kapitál - výklad pojmu podľa rôznych autorov. Typy sociálneho kapitálu v spoločnosti - väzbový, premosťujúci, spájajúci sociálny kapitál. Tri najčastejšie dimenzie, pomocou ktorých je možné merať sociálny kapitál. Porovnanie potenciálu využitia sociálneho kapitálu v krajinách V4 a v rámci krajín medzi osobami narodenými v danom štáte a v zahraničí. 
610 2 0 |a kapitál sociálny 
610 2 0 |a pojmy 
610 2 0 |a meranie 
610 2 0 |a Vyšehradská štvorka 
610 2 0 |a cudzinci 
100 1 |a Galanská, Nina 
700 1 |a Krkošková, Zuzana